[Event "San Francisco TNM Wilkerson U2000 op"]
[Site "San Francisco"]
[Date "2020.01.11"]
[Round "5"]
[White "Kaplan, Glenn"]
[Black "Abraham, Renjish"]
[Result "0-1"]
[WhiteElo "1722"]
[BlackElo "1892"]
[PlyCount "119"]
[EventDate "2020.01.07"]
[EventType "swiss"]
[EventRounds "7"]
[EventCountry "USA"]
[SourceTitle "EXT 2021"]
[Source "ChessBase"]
[SourceDate "2020.10.23"]
[SourceVersion "1"]
[SourceVersionDate "2020.10.23"]
[SourceQuality "1"]

1. c4 Nf6 2. Nc3 e6 3. Nf3 b6 4. g3 Bb7 5. Bg2 Be7 6. 0-0 0-0 7. d3 c6 8. a3 d5 9. cxd5 cxd5 10. Bf4 Nc6 11. Ne5 h6 12. Qa4 Nxe5 13. Bxe5 Nd7 14. Bf4 Nc5 15. Qd1 d4 16. Na2 Bxg2 17. Kxg2 Qd5+ 18. Kg1 e5 19. Nb4 Qe6 20. Bd2 a5 21. Nc2 Nb3 22. Rb1 Rac8 23. Ne1 Rc5 24. e3 Nxd2 25. Qxd2 dxe3 26. fxe3 Rd8 27. b4 axb4 28. axb4 Rb5 29. Nc2 Rbd5 30. d4 Qg6 31. Qe2 exd4 32. exd4 Bf6 33. Rbd1 Bxd4+ 34. Rxd4 Rxd4 35. Nxd4 Rxd4 36. Qe8+ Kh7 37. Qxf7 Qxf7 38. Rxf7 Rxb4 39. Kg2 Kg6 40. Rf8 Rb2+ 41. Kh3 h5 42. Rf4 b5 43. Rd4 b4 44. Rc4 b3 45. Rb4 Rb1 46. g4 hxg4+ 47. Rxg4+ Kf5 48. Rxg7 b2 49. Rg2 Ke4 50. Kg3 Kd3 51. Kg4 Kc3 52. Rg3+ Kc2 53. Rg2+ Kb3 54. Rg3+ Ka2 55. Rg2 Rc1 56. h4 Kb3 57. Rxb2+ Kxb2 58. h5 Kc3 59. Kf5 Kd4 60. h6 0-1